Vindicación del ciudadano: un sujeto reflexivo en una sociedad compleja

Na minha lista:
Detalhes bibliográficos
Autor principal: Thiebaut, Carlos (Author)
Formato: Livro
Idioma:espanhol
Publicado em: Barcelona Paidós 1998
Colecção:Biblioteca del Presente, 7
Assuntos:
Tags: Adicionar Tag
Sem tags, seja o primeiro a adicionar uma tag!

MARC

LEADER 00000nam a2200000 a 4500
001 UCP6142
003 CL-VaPUC
008 991008e19980000SP |||||||||||||||||spa|d
082 0 4 |a 320.01  |b THI  |2 21 
100 0 |a Thiebaut, Carlos  |e author  |9 435015 
245 1 0 |a Vindicación del ciudadano: un sujeto reflexivo en una sociedad compleja 
300 |a 286 p 
942 |c BK 
945 |d 19991008 00:00:00  |a vberengu 
260 |a Barcelona  |b Paidós  |c 1998 
650 0 |a Ciudadanía  |9 258339 
650 7 |a INDIVIDUO  |2 CL-VaPUC  |9 334576 
650 7 |a FILOSOFIA POLITICA  |2 CL-VaPUC  |9 435016 
650 0 |a Lógica  |9 256849 
650 0 |a Partidos políticos  |9 254999 
583 |a last modification  |c 20121001 12:54:05  |k Rodrigo Vera 
490 0 |a Biblioteca del Presente, 7 
999 |c 283758  |d 283756 
952 |0 0  |1 0  |4 0  |6 320_010000000000000_THI_1998  |7 0  |8 A  |9 327197  |a BIBEDU  |b BIBEDU  |d 2019-11-20  |i 3544613  |o 320.01 THI 1998  |p 3544613  |r 2019-11-20  |w 2019-11-20  |y BK  |k PSI 
952 |0 0  |1 2  |4 0  |6 320_010000000000000_THI_1998  |7 0  |8 A  |9 327198  |a BIBTEO  |b BIBTEO  |d 2019-11-20  |i 3612449  |o 320.01 THI 1998  |p 3612449  |r 2019-11-20  |w 2019-11-20  |y BK  |k ICR